Aalahayude Pennmakkal (Record no. 101176)

MARC details
000 -LEADER
fixed length control field 00399nam a2200133Ia 4500
008 - FIXED-LENGTH DATA ELEMENTS--GENERAL INFORMATION
fixed length control field 211118s9999||||xx |||||||||||||| ||und||
082 ## - DEWEY DECIMAL CLASSIFICATION NUMBER
Classification number 894.8123
Item number SAR-A
100 ## - MAIN ENTRY--PERSONAL NAME
Personal name Sarah, Joseph
245 #0 - TITLE STATEMENT
Title Aalahayude Pennmakkal
260 ## - PUBLICATION, DISTRIBUTION, ETC.
Name of publisher, distributor, etc. Current Books
Place of publication, distribution, etc. TRICHUR
Date of publication, distribution, etc. 1999
630 ## - SUBJECT ADDED ENTRY--UNIFORM TITLE
General subdivision Malayalam NovelGeneral Stack
650 ## - SUBJECT ADDED ENTRY--TOPICAL TERM
Topical term or geographic name entry element Malayalam Literature
942 ## - ADDED ENTRY ELEMENTS (KOHA)
Koha item type BOOK
650 ## - SUBJECT ADDED ENTRY--TOPICAL TERM
Form subdivision Malayalam FictionShort StoriesMalayalam
Holdings
Withdrawn status Lost status Damaged status Not for loan Home library Current library Date acquired Cost, normal purchase price Total Checkouts Full call number Barcode Shelving location Date last seen Date last checked out Price effective from Koha item type
        SB LIBRARY SB LIBRARY 18/11/2021 70.00 10 894.8123 SAR-A 00106928 GENERAL STACK 05/01/2026 22/12/2025 18/11/2021 BOOK

Powered by Koha